Представление документа в формате MARC21

Поле Инд. ПП Название Значение
Тип записи a
Библиографический уровень m
001 Контрольный номер ad35d62a-519f-48ec-b108-80b5b7e8beec
005 Дата корректировки 20131111173041.3
008 Кодируемые данные 991116 d
020 a ISBN 5-86461-145-Х
c Цена, тираж 2500.00
080 a Индекс УДК 334.012.23(430)
084 a Индекс другой классификации/Индекс ББК У9(4ГЕМ)0-18
090 c Каталожный индекс У9(4ГЕМ)0-18
x Авторский знак Л21
a Полочн. индекс У9(4ГЕМ)
100 1_ a Автор Ламперт Хайнц
245 00 a Заглавие Социальная рыночная экономика
b Продолж. заглавия Герм. путь : [Пер. с нем.]
260 0_ a Место издания Москва
b Издательство Дело
c Дата издания 1994
300 a Объем 219,[5] с.
504 a Библиография Библиогр.: с.219-220. - Перевод изд.: Die Wirtschafts-und Sozialordnung der Bundesrepublik Deutchland / Heinz Lampert (Olzog Verl.)
650 a Основная рубрика Рыночная экономика
z Географическая подрубрика Германия
650 a Основная рубрика Экономическая политика
653 a Ключевые слова Экономика Германии
a Ключевые слова Экономическая политика Германии
a Ключевые слова Рыночная экономика
852 t Порядковый номер экземпляра 1
p Инвентарный номер 661818
954 a Дата поступления на обработку 29.08.95
999 a Подразделение 2 фил1